<?xml version="1.0" encoding="UTF-8"?>
<record
    xmlns:xsi="http://www.w3.org/2001/XMLSchema-instance"
    xsi:schemaLocation="http://www.loc.gov/MARC21/slim http://www.loc.gov/standards/marcxml/schema/MARC21slim.xsd"
    xmlns="http://www.loc.gov/MARC21/slim">

  <leader>00511nam a22001337a 4500</leader>
  <datafield tag="040" ind1=" " ind2=" ">
    <subfield code="c">RUA</subfield>
  </datafield>
  <datafield tag="082" ind1=" " ind2=" ">
    <subfield code="a">AGR KIN 2015 B513 Or.1</subfield>
  </datafield>
  <datafield tag="100" ind1=" " ind2=" ">
    <subfield code="a">KIN VUTHY, &#x1782;&#x17B7;&#x1793; &#x179C;&#x17BB;&#x1791;&#x17D2;&#x1792;&#x17B8;</subfield>
  </datafield>
  <datafield tag="245" ind1=" " ind2=" ">
    <subfield code="a">Comparison of cucumber varieties (cucummis sativus) in net-house condition, &#x1780;&#x17B6;&#x179A;&#x1794;&#x17D2;&#x179A;&#x17C0;&#x1794;&#x1791;&#x17C0;&#x1794;&#x1796;&#x17BC;&#x1787;&#x178F;&#x17D2;&#x179A;&#x179F;&#x1780;&#x17CB;&#x1780;&#x17D2;&#x1793;&#x17BB;&#x1784;&#x179B;&#x1780;&#x17D2;&#x1781;&#x1781;&#x178E;&#x17D2;&#x178C;&#x1795;&#x17D2;&#x1791;&#x17C7;&#x179F;&#x17C6;&#x178E;&#x17B6;&#x1789;&#x17CB;</subfield>
  </datafield>
  <datafield tag="260" ind1=" " ind2=" ">
    <subfield code="a">Phnom Penh</subfield>
    <subfield code="b">RUA</subfield>
    <subfield code="c">2015</subfield>
  </datafield>
  <datafield tag="300" ind1=" " ind2=" ">
    <subfield code="a">x; 42p.</subfield>
    <subfield code="b">ill.</subfield>
    <subfield code="c">29cm.</subfield>
  </datafield>
  <datafield tag="856" ind1=" " ind2=" ">
    <subfield code="u">KIN VUTHY</subfield>
  </datafield>
  <datafield tag="942" ind1=" " ind2=" ">
    <subfield code="c">AGR</subfield>
  </datafield>
  <datafield tag="999" ind1=" " ind2=" ">
    <subfield code="c">9143</subfield>
    <subfield code="d">9143</subfield>
  </datafield>
  <datafield tag="952" ind1=" " ind2=" ">
    <subfield code="0">0</subfield>
    <subfield code="1">0</subfield>
    <subfield code="2">ddc</subfield>
    <subfield code="4">0</subfield>
    <subfield code="6">AGR_KIN_2015_000000000000000_B513_OR_1</subfield>
    <subfield code="7">0</subfield>
    <subfield code="9">50839</subfield>
    <subfield code="a">LBB</subfield>
    <subfield code="b">LBB</subfield>
    <subfield code="c">B513</subfield>
    <subfield code="d">2016-08-25</subfield>
    <subfield code="o">AGR KIN 2015 B513 Or.1</subfield>
    <subfield code="p">RUA062213</subfield>
    <subfield code="r">2016-08-25</subfield>
    <subfield code="w">2016-08-25</subfield>
    <subfield code="y">AGR</subfield>
  </datafield>
  <datafield tag="952" ind1=" " ind2=" ">
    <subfield code="0">0</subfield>
    <subfield code="1">0</subfield>
    <subfield code="2">ddc</subfield>
    <subfield code="4">0</subfield>
    <subfield code="6">AGR_KIN_2015_000000000000000_B513_OR_2</subfield>
    <subfield code="7">0</subfield>
    <subfield code="9">50840</subfield>
    <subfield code="a">LBB</subfield>
    <subfield code="b">LBB</subfield>
    <subfield code="c">B513</subfield>
    <subfield code="d">2016-08-25</subfield>
    <subfield code="o">AGR KIN 2015 B513 Or.2</subfield>
    <subfield code="p">RUA061305</subfield>
    <subfield code="r">2016-08-25</subfield>
    <subfield code="w">2016-08-25</subfield>
    <subfield code="y">AGR</subfield>
  </datafield>
  <datafield tag="952" ind1=" " ind2=" ">
    <subfield code="0">0</subfield>
    <subfield code="1">0</subfield>
    <subfield code="2">ddc</subfield>
    <subfield code="4">0</subfield>
    <subfield code="6">AGR_KIN_2015_000000000000000_B513_OR_3</subfield>
    <subfield code="7">0</subfield>
    <subfield code="9">50841</subfield>
    <subfield code="a">LBB</subfield>
    <subfield code="b">LBB</subfield>
    <subfield code="c">B513</subfield>
    <subfield code="d">2016-08-25</subfield>
    <subfield code="l">2</subfield>
    <subfield code="o">AGR KIN 2015 B513 Or.3</subfield>
    <subfield code="p">RUA062211</subfield>
    <subfield code="r">2022-08-05</subfield>
    <subfield code="s">2022-07-27</subfield>
    <subfield code="w">2016-08-25</subfield>
    <subfield code="y">AGR</subfield>
  </datafield>
  <datafield tag="952" ind1=" " ind2=" ">
    <subfield code="0">0</subfield>
    <subfield code="1">0</subfield>
    <subfield code="2">ddc</subfield>
    <subfield code="4">0</subfield>
    <subfield code="6">AGR_KIN_2015_000000000000000_B513_OR_4</subfield>
    <subfield code="7">0</subfield>
    <subfield code="9">50842</subfield>
    <subfield code="a">LBB</subfield>
    <subfield code="b">LBB</subfield>
    <subfield code="c">B513</subfield>
    <subfield code="d">2016-08-25</subfield>
    <subfield code="l">2</subfield>
    <subfield code="o">AGR KIN 2015 B513 Or.4</subfield>
    <subfield code="p">RUA062080</subfield>
    <subfield code="r">2016-11-11</subfield>
    <subfield code="s">2016-11-11</subfield>
    <subfield code="w">2016-08-25</subfield>
    <subfield code="y">AGR</subfield>
  </datafield>
  <datafield tag="952" ind1=" " ind2=" ">
    <subfield code="0">0</subfield>
    <subfield code="1">0</subfield>
    <subfield code="2">ddc</subfield>
    <subfield code="4">0</subfield>
    <subfield code="6">AGR_KIN_2015_000000000000000_B513_OR_5</subfield>
    <subfield code="7">0</subfield>
    <subfield code="9">50843</subfield>
    <subfield code="a">LBB</subfield>
    <subfield code="b">LBB</subfield>
    <subfield code="c">B513</subfield>
    <subfield code="d">2016-08-25</subfield>
    <subfield code="l">1</subfield>
    <subfield code="o">AGR KIN 2015 B513 Or.5</subfield>
    <subfield code="p">RUA062140</subfield>
    <subfield code="r">2016-11-11</subfield>
    <subfield code="s">2016-10-18</subfield>
    <subfield code="w">2016-08-25</subfield>
    <subfield code="y">AGR</subfield>
  </datafield>
  <datafield tag="952" ind1=" " ind2=" ">
    <subfield code="0">0</subfield>
    <subfield code="1">0</subfield>
    <subfield code="2">ddc</subfield>
    <subfield code="4">0</subfield>
    <subfield code="6">AGR_KIN_2015_000000000000000_B513_OR_6</subfield>
    <subfield code="7">0</subfield>
    <subfield code="9">50844</subfield>
    <subfield code="a">LBB</subfield>
    <subfield code="b">LBB</subfield>
    <subfield code="c">B513</subfield>
    <subfield code="d">2016-08-25</subfield>
    <subfield code="o">AGR KIN 2015 B513 Or.6</subfield>
    <subfield code="p">RUA061973</subfield>
    <subfield code="r">2016-08-25</subfield>
    <subfield code="w">2016-08-25</subfield>
    <subfield code="y">AGR</subfield>
  </datafield>
  <datafield tag="952" ind1=" " ind2=" ">
    <subfield code="0">0</subfield>
    <subfield code="1">0</subfield>
    <subfield code="2">ddc</subfield>
    <subfield code="4">0</subfield>
    <subfield code="6">AGR_KIN_2015_000000000000000_B513_OR_7</subfield>
    <subfield code="7">0</subfield>
    <subfield code="9">50845</subfield>
    <subfield code="a">LBB</subfield>
    <subfield code="b">LBB</subfield>
    <subfield code="c">B513</subfield>
    <subfield code="d">2016-08-25</subfield>
    <subfield code="o">AGR KIN 2015 B513 Or.7</subfield>
    <subfield code="p">RUA061535</subfield>
    <subfield code="r">2016-08-25</subfield>
    <subfield code="w">2016-08-25</subfield>
    <subfield code="y">AGR</subfield>
  </datafield>
  <datafield tag="952" ind1=" " ind2=" ">
    <subfield code="0">0</subfield>
    <subfield code="1">0</subfield>
    <subfield code="2">ddc</subfield>
    <subfield code="4">0</subfield>
    <subfield code="6">AGR_KIN_2015_000000000000000_B513_OR_8</subfield>
    <subfield code="7">0</subfield>
    <subfield code="9">50846</subfield>
    <subfield code="a">LBB</subfield>
    <subfield code="b">LBB</subfield>
    <subfield code="c">B513</subfield>
    <subfield code="d">2016-08-25</subfield>
    <subfield code="l">1</subfield>
    <subfield code="o">AGR KIN 2015 B513 Or.8</subfield>
    <subfield code="p">RUA061984</subfield>
    <subfield code="r">2023-08-04</subfield>
    <subfield code="s">2023-07-19</subfield>
    <subfield code="w">2016-08-25</subfield>
    <subfield code="y">AGR</subfield>
  </datafield>
  <datafield tag="952" ind1=" " ind2=" ">
    <subfield code="0">0</subfield>
    <subfield code="1">0</subfield>
    <subfield code="4">0</subfield>
    <subfield code="6">AGR_KIN_2015_000000000000000_B691_OR_1</subfield>
    <subfield code="7">0</subfield>
    <subfield code="9">86958</subfield>
    <subfield code="a">LBB</subfield>
    <subfield code="b">LBB</subfield>
    <subfield code="c">B691</subfield>
    <subfield code="d">2021-09-29</subfield>
    <subfield code="o">AGR KIN 2015 B691 Or.1</subfield>
    <subfield code="p">A09848</subfield>
    <subfield code="r">2021-09-29</subfield>
    <subfield code="y">AGR</subfield>
  </datafield>
  <datafield tag="952" ind1=" " ind2=" ">
    <subfield code="0">0</subfield>
    <subfield code="1">0</subfield>
    <subfield code="4">0</subfield>
    <subfield code="6">AGR_KIN_2015_000000000000000_B691_OR_1</subfield>
    <subfield code="7">0</subfield>
    <subfield code="9">86959</subfield>
    <subfield code="a">LBB</subfield>
    <subfield code="b">LBB</subfield>
    <subfield code="c">B691</subfield>
    <subfield code="d">2021-09-29</subfield>
    <subfield code="o">AGR KIN 2015 B691 Or.1</subfield>
    <subfield code="p">A09328</subfield>
    <subfield code="r">2021-09-29</subfield>
    <subfield code="y">AGR</subfield>
  </datafield>
</record>
